Statistics for Restaurants By Google Review #5

Click here to take the quiz!

General Stats

  • This quiz has been taken 18 times
  • The average score is 5 of 8

Answer Stats

QuestionAnswer% Correct
This place stinks for food. I’ve gotten the beef and broccoli many times and there’s mostly broccoli, no beef and the broccoli is super hardPanda Express
93%
Just bad. I ordered from doordash. Recieved my food 10 minutes ago and it was in the trash 5 minutes later. The French toast was the worst I ever had. How do you mess up French toast?! And the eggs weren’t real so I didn’t like them. I placed an order with dd for Wendy’s because I was still hungry. Smdh do better. Pay your employees more to work harderDenny's
80%
Had a great breakfast with enough food to hold us til dinner. Large portions with tasty warm cinnamon apples, toast, hash browns, crisp bacon, eggs and grits. Topped off with a glass of cold OJ all for about $13.Cracker Barrel
73%
Visiting from out of town and ordered delivery through an app. Not all items arrived or were correct but the mini tacos, mini churros and egg rolls were all delicious. All fried but great to have occasionally.Jack In The Box
67%
The chicken doesn't have that marinated taste anymore. No flavor at all. The honey biscuits are the best.Church's Chicken
53%
The chicken tenders are really good..I highly recommend to get those! They were nice and hot and tasted great. The burgers were ok... they were messy with a ton of mayo and ketchup that oozed out.Hardee's
47%
This is easily the best place to eat ever, from the buffalo wings, to the very on point salads, I’d like to thank the workers, the chefs; and the nice random people in the bathroom. My point here: go to *********** for a great time, and a full stomach made with love and dead animals.Buffalo Wild Wings
33%
I had the boneless buffalo wings from here and they were good, but 12 hours later I have been on the toilet for an hour and I'm starting to feel ill. I don't think I can handle the wings!Zaxby's
7%

Score Distribution

Percentile by Number Answered

Percent of People with Each Score

Your Score History

You have not taken this quiz